Mort subite - Quels personnages d'Harry Potter sont à Serpentard ? - Statistiques

Statistiques générales
  • Ce quiz a été pris 148 fois
  • Le résultat moyen est 11 sur 18
Answers on the Grid
Answers color-coded by a green-red scale on the quiz's grid according to % correct below.
Drago Malefoy
Dean Thomas
Olivier Dubois
Marcus Flint
Gregory Goyle
Peter Pettigrow
Sirius Black
Pansy Parkinson
Blaise Zabini
Angelina Johnson
Voldemort
Lucius Malefoy
Bellatrix Lestrange
Hannah Habot
Ron Weasley
Vincent Crabbe
Derrick Pèlerin
Albus Severus Potter
Filius Flitwick
Remus Lupin
Severus Rogue
Lily Potter
Luna Lovegood
Horace Slugorn
Narcissa Malefoy
Gellert Grindelwald
Régulus Black
Nymphadora Tonks
Scorpius Malefoy
Lucian Bole
 
Statistiques - réponses
Réponse % Correct
Drago Malefoy
99%
Gregory Goyle
74%
Voldemort
74%
Lucius Malefoy
73%
Bellatrix Lestrange
71%
Narcissa Malefoy
71%
Vincent Crabbe
67%
Scorpius Malefoy
66%
Severus Rogue
66%
Pansy Parkinson
61%
Blaise Zabini
59%
Albus Severus Potter
58%
Marcus Flint
56%
Régulus Black
55%
Gellert Grindelwald
49%
Horace Slugorn
49%
Lucian Bole
43%
Derrick Pèlerin
42%
Aucun quiz correspondant
Distribution des résultats
% des personnes avec chaque résultat
Percentile par nombre de réponses
Votre historique - résultats
Vous n’avez pas pris ce quiz